000
00327nam a2200133Ia 4500
008
191201s2008 xx 000 0 und d
082
_a
510
_b
BHD
100
_a
BHASIN, Harsh
245
0
_a
Discrete Mathematical Structures
260
_a
N.Delhi
_b
Vayu Edu. India
_c
2008
300
_a
218
650
_a
B.Tech(CSE)
942
_2
ddc
_c
BK
999
_c
458
_d
458